Normal view
MARC view
Entry Personal Name
001 - CONTROL NUMBER
- control field: 80629
003 - CONTROL NUMBER IDENTIFIER
- control field: dpl
005 - DATE AND TIME OF LATEST TRANSACTION
- control field: 20250416122202.0
008 - FIXED-LENGTH DATA ELEMENTS
- fixed length control field: 250416|| aca||aabn | a|a d
040 ## - CATALOGING SOURCE
- Original cataloging agency: dpl
- Transcribing agency: dpl
100 ## - HEADING--PERSONAL NAME
- Personal name: Govind prasad singh
670 ## - SOURCE DATA FOUND
- Source citation: Work cat.: (dpl)210250: Govind prasad singh, Kiran's Quickest mathematics Quantitative aptitude & numerical ability, 2024
